|
|
|
|
| LEADER |
00000nam0a2200000 4500 |
| 001 |
296450 |
| 005 |
20231102000915.0 |
| 035 |
|
|
|a (RuTPU)RU\TPU\book\321557
|
| 090 |
|
|
|a 296450
|
| 100 |
|
|
|a 20150530d1984 k y0rusy50 ca
|
| 101 |
0 |
|
|a rus
|
| 102 |
|
|
|a RU
|
| 105 |
|
|
|a a z 001zy
|
| 200 |
1 |
|
|a Автоматическое управление технологическими процессами и промышленными установками
|e сборник научных трудов
|f Куйбышевский политехнический институт им. В. В. Куйбышева (КПИ)
|
| 210 |
|
|
|a Куйбышев
|c Изд-во КАИ
|d 1984
|
| 215 |
|
|
|a 173 с.
|c ил.
|
| 320 |
|
|
|a Библиография в конце статей
|
| 606 |
1 |
|
|a Автоматизированные системы управления технологическими процессами (АСУ ТП)
|2 stltpush
|3 (RuTPU)RU\TPU\subj\742
|9 29554
|
| 610 |
1 |
|
|a функциональный анализ
|
| 610 |
1 |
|
|a оптимальные системы
|
| 610 |
1 |
|
|a аналитическое проектирование
|
| 610 |
1 |
|
|a дискретные самонастраивающиеся системы
|
| 610 |
1 |
|
|a сборочные робототехнические комплексы
|
| 610 |
1 |
|
|a турбинное бурение
|
| 610 |
1 |
|
|a экстремальное управление
|
| 610 |
1 |
|
|a синергетика
|
| 675 |
|
|
|a 658.512.4.011.56
|v 3
|
| 712 |
0 |
2 |
|a Куйбышевский политехнический институт им. В. В. Куйбышева (КПИ)
|c (1962-1991)
|2 stltpush
|3 (RuTPU)RU\TPU\col\320
|
| 801 |
|
1 |
|a RU
|b 63413507
|c 20150530
|
| 801 |
|
2 |
|a RU
|b 63413507
|c 20181019
|g RCR
|
| 942 |
|
|
|c BK
|